| 000 | 00812 a2200169 4500 | ||
|---|---|---|---|
| 999 |
_c332310 _d332310 |
||
| 003 | NUST | ||
| 005 | 20171123105113.0 | ||
| 008 | 171123b xxu||||| |||| 00| 0 eng d | ||
| 040 |
_aDLC _bDLC _c0 |
||
| 082 | _a950.072 SAI | ||
| 100 |
_a Said, Edward W. _9486 |
||
| 245 |
_aOrientalism: _cEdward W, Said. _b western conceptions of the orient |
||
| 260 |
_aIslamabad: _bNational Book Foundation. _c1979 |
||
| 300 |
_av, 396p. ; _c24 cm. |
||
| 500 | _aIncludes Index | ||
| 501 | _aH.B | ||
| 650 |
_a1.Orientalism.2.Imperialism.East and West.3.Asia --Foreign public opinion, Occidental. _9487 |
||
| 942 |
_cBK _kIESE _2ddc |
||